000 00688nam a2200289Ia 4500
005 20260324133941.0
008 008 260324s9999 xx 000 0 eng d
020 _a9781410606327
037 _aEBOOK
040 _aCRL
040 _beng
040 _cCRL
041 _2eng
041 _aeng
084 _qCRL
100 _aWendy Leeds-Hurwitz
_91195003
245 0 _aWedding as Text
245 0 _bCommunicating Cultural Identities Through Ritual
260 _bTaylor and Francis
260 _c2002
365 _a
365 _b230
856 _uhttp://www.taylorfrancis.com/books/9781410606327
942 _cEBOOK
999 _c1794589
_d1794589